Meilleure version de joueurs de foot - Statistiques

Statistiques générales
  • Ce quiz a été pris 315 fois
  • Le résultat moyen est 19 sur 24
Statistiques - réponses
Par images Réponse % Correct
Paul Pogba
98%
Neymar Jr
95%
Eden Hazard
91%
Edinson Cavani
90%
James Rodriguez
87%
Paulo Dybala
86%
Jadon Sancho
84%
Richarlison
83%
Alexis Sanchez
81%
Federico Chiesa
81%
Timo Werner
79%
Dele Alli
77%
Harry Maguire
77%
Jack Grealish
77%
Hakim Ziyech
74%
Fabian Ruiz
73%
Philippe Coutinho
72%
Julian Draxler
71%
Kepa Arrizabalaga
67%
Kim Min-Jae
66%
Oscar
66%
Franck Kessie
62%
Nicolas Pepe
61%
Donny van de Beek
52%
Aucun quiz correspondant
Distribution des résultats
% des personnes avec chaque résultat
Percentile par nombre de réponses
Votre historique - résultats
Vous n’avez pas pris ce quiz